[Event "Mittelfr. EM 2018 - Nebenturnier"]
[Site "Nürnberg"]
[Date "2018.03.29"]
[Round "3.8"]
[White "Diebel, Günter"]
[Black "Zeug, Klaus-Peter"]
[Result "1-0"]
[WhiteElo "1778"]
[BlackElo "1587"]
[PlyCount "93"]
[EventDate "2018.??.??"]
[WhiteTeam "SW Nürnberg Süd"]
[BlackTeam "SK Nürnberg"]

1. e4 e5 2. Nf3 Nc6 3. Bc4 Bc5 4. c3 Nf6 5. d3 d6 6. h3 O-O 7. Bg5 h6 8. Bh4
Na5 9. Nbd2 Nxc4 10. Nxc4 Be6 11. b4 Bb6 12. Nxb6 axb6 13. a4 Bd7 14. b5 Qe7
15. c4 Ra7 16. O-O Rfa8 17. Qb3 Qe6 18. Bxf6 Qxf6 19. Kh1 Qd8 20. d4 exd4 21.
Nxd4 c6 22. f4 Qe7 23. Rfe1 Qf6 24. Ne2 c5 25. f5 Re8 26. Qd3 Qe5 27. Nc3 Qe7
28. Red1 Raa8 29. Qxd6 Qxd6 30. Rxd6 Bc8 31. Rad1 Kf8 32. Rxb6 f6 33. Kh2 Rb8
34. a5 Ra8 35. Ra1 Re7 36. Kg3 Kf7 37. Kf3 Rd7 38. Nd5 Ke8 39. Re6+ Kf7 40. Nb6
Rd3+ 41. Ke2 Rd4 42. Nxa8 Bxe6 43. fxe6+ Kxe6 44. Ke3 Rxc4 45. a6 bxa6 46. bxa6
Rb4 47. a7 1-0

[Event "Mittelfr. EM 2018 - Nebenturnier"]
[Site "Nürnberg"]
[Date "2018.03.29"]
[Round "3.9"]
[White "Dreiseitel, Werner"]
[Black "Weißmann, Peter"]
[Result "0-1"]
[WhiteElo "1570"]
[BlackElo "1734"]
[PlyCount "194"]
[EventDate "2018.??.??"]
[WhiteTeam "SGem Fürth"]
[BlackTeam "SK Zirndorf"]

1. d4 Nf6 2. Nf3 e6 3. Bf4 d5 4. e3 Bd6 5. Bg3 O-O 6. Bd3 b6 7. c3 c5 8. Qe2
Bb7 9. Nbd2 Ne4 10. Bxd6 Nxd6 11. O-O f5 12. dxc5 bxc5 13. Ne5 Nd7 14. Ndf3
Nxe5 15. Nxe5 c4 16. Bc2 Nf7 17. Nxf7 Rxf7 18. f3 Qc7 19. e4 Qb6+ 20. Kh1 d4
21. Qxc4 Ba6 22. Qxd4 Bxf1 23. Qxb6 axb6 24. Rxf1 fxe4 25. Bxe4 Rxa2 26. Rb1
Rf8 27. Bc2 Rf6 28. Bb3 Ra7 29. Rd1 Kf7 30. Kg1 Ke7 31. Kf2 Rd7 32. Ra1 Rd2+
33. Ke3 Rxb2 34. Ra7+ Kd6 35. Ba4 Rxg2 36. Rd7+ Ke5 37. Rd4 Rxh2 38. Bc6 Rf5
39. Rb4 Kd6 40. Rxb6 Kc5 41. Ra6 h5 42. Bd7 g5 43. Bxe6 Re5+ 44. Kd3 Ree2 45.
c4 Rd2+ 46. Ke4 g4 47. fxg4 hxg4 48. Bxg4 Rd4+ 49. Kf5 Kxc4 50. Kg5 Kb5 51. Rg6
Rg2 52. Kh4 Rg1 53. Kh5 Kb4 54. Rg5 Kc3 55. Bf3 Ra1 56. Rg4 Rd8 57. Kh4 Kd2 58.
Kg3 Ra3 59. Kf2 Rf8 60. Rg3 Re3 61. Kg2 Rc3 62. Kf2 Rc2 63. Rg2 Kd3+ 64. Kg3
Rc3 65. Kf2 Kd4 66. Rg4+ Kd3 67. Rg3 Kd2 68. Kg2 Re3 69. Bb7 Re2+ 70. Kh3 Rh8+
71. Kg4 Rg8+ 72. Kh3 Rh8+ 73. Kg4 Ke1 74. Rg1+ Kd2 75. Rg2 Rg8+ 76. Kh3 Rh8+
77. Kg3 Rg8+ 78. Kh3 Rexg2 79. Bxg2 Ke3 80. Bb7 Kf4 81. Kh2 Rb8 82. Bc6 Rb6 83.
Ba8 Rb2+ 84. Kg1 Kg3 85. Kf1 Rd2 86. Ke1 Ra2 87. Kd1 Rxa8 88. Kd2 Ra3 89. Ke2
Kf4 90. Kf2 Ra2+ 91. Ke1 Kf3 92. Kd1 Ke3 93. Kc1 Kd3 94. Kb1 Rf2 95. Kc1 Rg2
96. Kb1 Kc3 97. Ka1 Kb3 0-1

[Event "Mittelfr. EM 2018 - Nebenturnier"]
[Site "Nürnberg"]
[Date "2018.03.29"]
[Round "3.10"]
[White "Hummady, Pascha"]
[Black "Süß, Helmut"]
[Result "0-1"]
[WhiteElo "850"]
[BlackElo "1889"]
[PlyCount "54"]
[EventDate "2018.??.??"]
[WhiteTeam "SC Noris-Tarrasch Nürnberg"]
[BlackTeam "SC Noris-Tarrasch Nürnberg"]

1. e4 c6 2. Nc3 d5 3. d4 dxe4 4. Nxe4 Bf5 5. Bd3 Bxe4 6. Bxe4 Nf6 7. Bd3 Qxd4
8. Nf3 Qd6 9. Bg5 Nbd7 10. O-O e6 11. Qd2 Nd5 12. Be4 N7f6 13. Rfd1 Nxe4 14.
Qd4 Nxg5 15. Nxg5 Qf4 16. Qxf4 Nxf4 17. g3 Nd5 18. Rd2 Be7 19. Ne4 O-O-O 20.
Rad1 Nf6 21. Rxd8+ Rxd8 22. Rxd8+ Kxd8 23. Ng5 Ke8 24. f4 h6 25. Nf3 Bc5+ 26.
Kg2 Ng4 27. h3 Ne3+ 0-1

[Event "Mittelfr. EM 2018 - Nebenturnier"]
[Site "Nürnberg"]
[Date "2018.03.29"]
[Round "3.11"]
[White "Merdian, Nick"]
[Black "Hamazaspyan, Seryozka"]
[Result "1/2-1/2"]
[WhiteElo "1833"]
[BlackElo "1245"]
[PlyCount "40"]
[EventDate "2018.??.??"]
[WhiteTeam "SC Postbauer-Heng"]
[BlackTeam "SC Noris-Tarrasch Nürnberg"]

1. d4 e6 2. c4 Nf6 3. Nc3 d5 4. e3 c5 5. Nf3 Nc6 6. Be2 Qc7 7. b3 b6 8. Bb2 Bb7
9. Qc2 Nb4 10. Qd2 a6 11. a3 Nc6 12. O-O Bd6 13. h3 h5 14. cxd5 exd5 15. dxc5
Bxc5 16. b4 Bd6 17. b5 Ne7 18. Rac1 Qd7 19. a4 Ne4 20. Qd3 Nc5 1/2-1/2

[Event "Mittelfr. EM 2018 - Nebenturnier"]
[Site "Nürnberg"]
[Date "2018.03.29"]
[Round "3.12"]
[White "Keller, Jan-Christopher"]
[Black "Walter, Gabriele"]
[Result "1-0"]
[WhiteElo "1011"]
[BlackElo "1590"]
[PlyCount "111"]
[EventDate "2018.??.??"]
[WhiteTeam "SV Neustadt/Aisch"]
[BlackTeam "SV Lauf"]

1. c4 c5 2. Nc3 Nc6 3. g3 g6 4. Bg2 Bg7 5. e3 Nf6 6. Nge2 O-O 7. O-O Rb8 8. d4
d6 9. dxc5 dxc5 10. Bxc6 bxc6 11. Rb1 Bh3 12. Re1 Qc8 13. f3 Rd8 14. Bd2 Bf5
15. e4 Be6 16. b3 Rd7 17. Qc2 Qd8 18. Rbd1 Ne8 19. Na4 Bd4+ 20. Nxd4 cxd4 21.
Nc5 d3 22. Qc3 Rc7 23. Na6 Rd7 24. Nxb8 Qxb8 25. Be3 Qd8 26. Rd2 Nf6 27. Red1
Qf8 28. e5 Nh5 29. Rxd3 Rxd3 30. Qxd3 a6 31. Qd8 Qxd8 32. Rxd8+ Kg7 33. g4 Nf6
34. exf6+ exf6 35. Bd4 h6 36. h4 g5 37. f4 gxh4 38. f5 h5 39. fxe6 fxe6 40.
gxh5 e5 41. Be3 f5 42. Bg5 h3 43. h6+ Kg6 44. Rg8+ Kh5 45. h7 Kg4 46. Bh4+ Kf3
47. h8=Q Ke4 48. Bg3 f4 49. Qh7+ Kd4 50. Bf2+ Kc3 51. Qxh3+ Kb4 52. Rb8+ Ka3
53. Qc3 e4 54. Qc1+ Kxa2 55. Bd4 e3 56. Qb2# 1-0

[Event "Mittelfr. EM 2018 - Nebenturnier"]
[Site "Nürnberg"]
[Date "2018.03.29"]
[Round "4.1"]
[White "Konsek, Peter"]
[Black "Rausch, Wolfgang sr"]
[Result "1/2-1/2"]
[WhiteElo "2063"]
[BlackElo "1878"]
[PlyCount "61"]
[EventDate "2018.??.??"]
[WhiteTeam "SW Nürnberg Süd"]
[BlackTeam "SW Nürnberg Süd"]

1. e4 c6 2. d4 d5 3. Nd2 dxe4 4. Nxe4 Bf5 5. Ng3 Bg6 6. h4 h6 7. Nf3 Nd7 8. h5
Bh7 9. Bd3 Bxd3 10. Qxd3 Ngf6 11. Bd2 e6 12. O-O-O Qc7 13. Kb1 Bd6 14. Ne4 Nxe4
15. Qxe4 Nf6 16. Qe2 O-O-O 17. c4 c5 18. Bc3 Rhe8 19. dxc5 Qxc5 20. Nd4 Qe5 21.
f3 Qxe2 22. Nxe2 Be7 23. g4 Rxd1+ 24. Rxd1 Rd8 25. Rxd8+ Kxd8 26. Ng3 Ne8 27.
Ne4 Kd7 28. Kc2 g5 29. hxg6 fxg6 30. Kd3 Bd6 31. Bd2 1/2-1/2

[Event "Mittelfr. EM 2018 - Nebenturnier"]
[Site "Nürnberg"]
[Date "2018.03.29"]
[Round "4.2"]
[White "Llugiq, Bajram"]
[Black "Schöne, Steffen"]
[Result "1/2-1/2"]
[WhiteElo "1827"]
[BlackElo "1860"]
[PlyCount "125"]
[EventDate "2018.??.??"]
[WhiteTeam "SW Nürnberg Süd"]
[BlackTeam "Zabo-Eintracht Nürnberg"]

1. d4 g6 2. c4 Bg7 3. Nc3 c5 4. Nf3 Qa5 5. e3 d6 6. Bd2 cxd4 7. Nxd4 Nc6 8.
Nxc6 bxc6 9. Be2 Rb8 10. Qc1 Qb6 11. b3 Nf6 12. O-O O-O 13. h3 Nd7 14. Na4 Qd8
15. Bc3 Bb7 16. Bxg7 Kxg7 17. Bf3 Ne5 18. Be2 Kg8 19. Rd1 Qc7 20. Qc3 c5 21.
Nb2 Qc6 22. Bf1 f5 23. Nd3 Nf3+ 24. Kh1 g5 25. Ne1 Nh4 26. Qd3 f4 27. exf4 Rxf4
28. f3 Nf5 29. Kg1 Nd4 30. Nc2 Rbf8 31. Be2 e5 32. Rf1 g4 33. hxg4 Rxg4 34. Ne3
Nxf3+ 35. Bxf3 Rxf3 36. Qd5+ Qxd5 37. Nxd5 Bxd5 38. cxd5 Rfg3 39. Rf2 h5 40.
Raf1 Rg7 41. Kh2 Rd3 42. Rf8+ Kh7 43. R1f5 Rg6 44. Rxh5+ Rh6 45. Rh8+ Kxh8 46.
Rxh6+ Kg7 47. Rxd6 a5 48. Ra6 Rxd5 49. Rxa5 e4 50. b4 e3 51. Kg3 Rf5 52. Rxc5
e2 53. Rxf5 e1=Q+ 54. Kg4 Qxb4+ 55. Rf4 Qd2 56. g3 Qxa2 57. Kf3 Qd5+ 58. Kf2
Kg6 59. Rh4 Kg5 60. Rf4 Qd3 61. Rh4 Qd2+ 62. Kf3 Qd1+ 63. Kf2 1/2-1/2

[Event "Mittelfr. EM 2018 - Nebenturnier"]
[Site "Nürnberg"]
[Date "2018.03.29"]
[Round "4.3"]
[White "Hofmann, Tim"]
[Black "Wirth, Karl-Heinz"]
[Result "0-1"]
[WhiteElo "1411"]
[BlackElo "1861"]
[PlyCount "76"]
[EventDate "2018.??.??"]
[WhiteTeam "SW Nürnberg Süd"]
[BlackTeam "SC Mühlhof-Reichelsdorf"]

1. d4 Nf6 2. Bf4 e6 3. e3 c5 4. Nd2 cxd4 5. exd4 Nc6 6. c3 Be7 7. Bd3 O-O 8.
Ngf3 Nd5 9. Bg3 f5 10. h3 d6 11. Qc2 Bd7 12. Nc4 Qc7 13. a4 Rac8 14. Qe2 a6 15.
a5 Nd8 16. O-O Bb5 17. Nfd2 Qd7 18. Ne3 Bxd3 19. Qxd3 Nxe3 20. Qxe3 Bf6 21. Qd3
d5 22. Rfe1 Re8 23. Nb3 Be7 24. Re2 Kf7 25. Rae1 Bf8 26. Be5 Qb5 27. Qxb5 axb5
28. Re3 b4 29. Nd2 bxc3 30. Rxc3 Rxc3 31. bxc3 Nc6 32. Bc7 Rc8 33. Bb6 Nb8 34.
Rc1 Nd7 35. c4 Bb4 36. Nb3 dxc4 37. Nc5 Nxb6 38. a6 bxa6 0-1

[Event "Mittelfr. EM 2018 - Nebenturnier"]
[Site "Nürnberg"]
[Date "2018.03.29"]
[Round "4.4"]
[White "Greul, Hans"]
[Black "Schlötterer, Hermann"]
[Result "1-0"]
[WhiteElo "2066"]
[BlackElo "1792"]
[PlyCount "165"]
[EventDate "2018.??.??"]
[WhiteTeam "SK Schwabach"]
[BlackTeam "Zabo-Eintracht Nürnberg"]

1. d4 Nf6 2. Nf3 c5 3. c3 b6 4. Bg5 Bb7 5. Nbd2 e6 6. e3 Be7 7. Bd3 d6 8. h3
Nbd7 9. O-O O-O 10. Qc2 Qc7 11. Bxh7+ Nxh7 12. Bxe7 Rfe8 13. Bh4 Ndf8 14. Bg3
Qe7 15. Rfd1 Ng6 16. Rac1 Rad8 17. b4 cxb4 18. cxb4 Rc8 19. Qa4 a6 20. Qa3 Ng5
21. Ne1 b5 22. Rxc8 Rxc8 23. Rc1 Rxc1 24. Qxc1 Qd7 25. f3 f5 26. Nb3 e5 27. h4
Nf7 28. h5 Ne7 29. Nd3 e4 30. fxe4 Bxe4 31. Nf4 Kh7 32. Nd2 Bb7 33. Bh4 g5 34.
hxg6+ Nxg6 35. Nxg6 Kxg6 36. Qe1 Nh6 37. Qg3+ Kh7 38. Qg5 Bc6 39. Nf1 Qg7 40.
Nh2 Nf7 41. Qxf5+ Qg6 42. Qxg6+ Kxg6 43. g4 Be4 44. Kf2 d5 45. Be7 Nh6 46. Kg3
Nf7 47. Nf1 Nh8 48. Nd2 Bc2 49. Nf3 Kf7 50. Bd6 Ke6 51. Bb8 Ng6 52. Bc7 Kd7 53.
Be5 Ke6 54. Ng5+ Ke7 55. Nh3 Kf7 56. Nf4 Be4 57. Bc7 Ne7 58. Kh4 Ng6+ 59. Kg5
Nf8 60. Kh6 Ng6 61. Bd6 Nh4 62. Nh3 Bb1 63. Ng5+ Kg8 64. a3 Bc2 65. Ne6 Ng6 66.
Nf4 Nh8 67. Kh5 Be4 68. Ne6 Bg6+ 69. Kh4 Nf7 70. Bc7 Bd3 71. g5 Nh8 72. Nc5
Ng6+ 73. Kg4 Be2+ 74. Kf5 Kf7 75. Bg3 Ne7+ 76. Ke5 Kg6 77. Bf4 Bc4 78. Nxa6
Nc6+ 79. Kd6 Nd8 80. Nc7 Nf7+ 81. Kc5 Nxg5 82. Bxg5 Kxg5 83. Nxd5 1-0

[Event "Mittelfr. EM 2018 - Nebenturnier"]
[Site "Nürnberg"]
[Date "2018.03.29"]
[Round "4.5"]
[White "Diebel, Günter"]
[Black "Babichev, Vyacheslav"]
[Result "1-0"]
[WhiteElo "1778"]
[BlackElo "1822"]
[PlyCount "151"]
[EventDate "2018.??.??"]
[WhiteTeam "SW Nürnberg Süd"]
[BlackTeam "SW Nürnberg Süd"]

1. e4 e5 2. Nf3 Nc6 3. Bc4 Be7 4. Nc3 d6 5. h3 Nf6 6. d4 O-O 7. d5 Nb8 8. a3 a6
9. Be3 b5 10. Bd3 Nbd7 11. O-O Re8 12. Nh2 Nf8 13. f4 exf4 14. Bxf4 Ng6 15. Bg3
Ne5 16. Nf3 Nxd3 17. cxd3 Nh5 18. Bh2 Nf6 19. Nd4 Bd7 20. Qf3 Rf8 21. Nc6 Bxc6
22. dxc6 Qe8 23. Rac1 Qb8 24. e5 Qa7+ 25. Kh1 dxe5 26. Bxe5 Rad8 27. d4 Ne8 28.
Nd5 Bg5 29. Rc2 Nd6 30. Qg4 Bh6 31. Ne7+ Kh8 32. Nf5 Nxf5 33. Qxf5 f6 34. Qf3
Rfe8 35. Rcf2 Rg8 36. Bf4 Bxf4 37. Qxf4 Rxd4 38. Qe3 Qc5 39. Rf4 Rc4 40. Re4
Qxc6 41. Rxc4 Qxc4 42. Rc1 Qa4 43. Rxc7 Qd1+ 44. Kh2 Qd6+ 45. Qg3 Qb6 46. Qc3
Qb8 47. Kg1 h6 48. Qc6 Qa8 49. b4 Qxc6 50. Rxc6 Ra8 51. Kf2 Ra7 52. Ke3 Kh7 53.
g4 Kg6 54. h4 Kf7 55. Kd4 Ke7 56. Kc5 Kd7 57. Rd6+ Kc8 58. Kb6 Ra8 59. g5 fxg5
60. hxg5 hxg5 61. Rg6 Rb8+ 62. Kxa6 Rb7 63. Rxg5 Rf7 64. Kxb5 Kb7 65. a4 Ka7
66. Ka5 Ka8 67. b5 Kb7 68. b6 g6 69. Kb5 Rf5+ 70. Rxf5 gxf5 71. a5 f4 72. a6+
Kb8 73. Kc6 f3 74. a7+ Ka8 75. Kc7 f2 76. b7+ 1-0

[Event "Mittelfr. EM 2018 - Nebenturnier"]
[Site "Nürnberg"]
[Date "2018.03.29"]
[Round "4.6"]
[White "Weißmann, Peter"]
[Black "Walter, Manfred"]
[Result "1-0"]
[WhiteElo "1734"]
[BlackElo "1802"]
[PlyCount "48"]
[EventDate "2018.??.??"]
[WhiteTeam "SK Zirndorf"]
[BlackTeam "SV Lauf"]

1. e4 d6 2. d4 Nf6 3. Nc3 Nbd7 4. Bg5 e5 5. dxe5 dxe5 6. Nd5 Bd6 7. Qf3 h6 8.
Bxf6 Nxf6 9. Nxf6+ gxf6 10. O-O-O Be6 11. Kb1 a5 12. Ne2 Rg8 13. h3 Rg5 14. g4
Ke7 15. Ng3 Qg8 16. Bd3 c6 17. Qe3 Qd8 18. Nf5+ Bxf5 19. exf5 Kf8 20. f3 Qc7
21. Be4 Ke7 22. h4 Rgg8 23. Qxh6 Bc5 24. g5 Rh8 1-0

[Event "Mittelfr. EM 2018 - Nebenturnier"]
[Site "Nürnberg"]
[Date "2018.03.29"]
[Round "4.7"]
[White "Süß, Helmut"]
[Black "Hahn, Thomas"]
[Result "1/2-1/2"]
[WhiteElo "1889"]
[BlackElo "1727"]
[PlyCount "30"]
[EventDate "2018.??.??"]
[WhiteTeam "SC Noris-Tarrasch Nürnberg"]
[BlackTeam "Zabo-Eintracht Nürnberg"]

1. Nf3 f5 2. c4 g6 3. Nc3 Bg7 4. Qc2 Nf6 5. d3 O-O 6. b3 d6 7. Bb2 c6 8. e4
fxe4 9. dxe4 Na6 10. a3 Bg4 11. Be2 Nc5 12. h3 Bxf3 13. Bxf3 Qb6 14. b4 Ne6 15.
Na4 Nd4 1/2-1/2

[Event "Mittelfr. EM 2018 - Nebenturnier"]
[Site "Nürnberg"]
[Date "2018.03.29"]
[Round "4.8"]
[White "Friedrich, Michael"]
[Black "Münzenberg, Dietrich"]
[Result "0-1"]
[WhiteElo "1665"]
[BlackElo "1679"]
[PlyCount "112"]
[EventDate "2018.??.??"]
[WhiteTeam "SC Erlangen"]
[BlackTeam "Zabo-Eintracht Nürnberg"]

1. e4 c6 2. d4 d5 3. Nc3 dxe4 4. Nxe4 Nd7 5. Nf3 Ngf6 6. Bd3 Nxe4 7. Bxe4 Nf6
8. Bd3 Bg4 9. c3 e6 10. Bf4 Be7 11. Be5 Bd6 12. Bxf6 Qxf6 13. Be4 h6 14. Qd3
O-O-O 15. h3 Bh5 16. g4 Bg6 17. Bxg6 fxg6 18. O-O-O Rhf8 19. Nd2 g5 20. Kb1 Bf4
21. Ne4 Qf7 22. Qc4 Rfe8 23. Qa4 Kb8 24. Qb3 Bc7 25. Rhe1 Bb6 26. Re2 Rd5 27.
Rde1 Qg6 28. Kc1 Bc7 29. Kb1 e5 30. Ka1 Rb5 31. Qd1 exd4 32. Qxd4 Rd5 33. Qa4
Ra5 34. Qc2 Rae5 35. a3 a6 36. f3 Qf7 37. Qd3 Rd8 38. Qe3 Rdd5 39. Qf2 Rd3 40.
Nd2 Rxe2 41. Qxe2 Qd5 42. Ne4 Bf4 43. Kb1 Re3 44. Qd1 Rxe1 45. Qxe1 Qd3+ 46.
Ka1 Qxf3 47. Nc5 Qxh3 48. Qe8+ Ka7 49. Qf7 Qh1+ 50. Ka2 Qd5+ 51. Qxd5 cxd5 52.
Ne6 g6 53. Ng7 Kb6 54. Kb3 Be5 55. Ne6 Bf6 56. Kc2 h5 0-1

[Event "Mittelfr. EM 2018 - Nebenturnier"]
[Site "Nürnberg"]
[Date "2018.03.29"]
[Round "4.9"]
[White "Cordts, Elof"]
[Black "Hummady, Pascha"]
[Result "1-0"]
[WhiteElo "1662"]
[BlackElo "850"]
[PlyCount "69"]
[EventDate "2018.??.??"]
[WhiteTeam "SC Erlangen"]
[BlackTeam "SC Noris-Tarrasch Nürnberg"]

1. e4 c5 2. Nc3 Nc6 3. f4 e5 4. f5 Nf6 5. Nf3 d5 6. d3 dxe4 7. dxe4 Qxd1+ 8.
Kxd1 Be7 9. Bg5 O-O 10. Bd3 Rd8 11. Ke1 Nb4 12. Nxe5 Nxd3+ 13. Nxd3 b5 14. a3
a5 15. Nxb5 c4 16. Nf2 Rb8 17. a4 Bb7 18. Nc3 Re8 19. Kd2 Rbd8+ 20. Kc1 h6 21.
Bh4 Bxe4 22. Bxf6 Bxf6 23. Nfxe4 Bxc3 24. Nxc3 f6 25. Rd1 Rxd1+ 26. Kxd1 Re5
27. g4 Kh7 28. Kd2 h5 29. h3 Kh6 30. Re1 Rc5 31. Re7 g6 32. fxg6 Kxg6 33. Ke3
h4 34. Re6 Kg5 35. Ne4+ 1-0

[Event "Mittelfr. EM 2018 - Nebenturnier"]
[Site "Nürnberg"]
[Date "2018.03.29"]
[Round "4.10"]
[White "Zeug, Klaus-Peter"]
[Black "Keller, Jan-Christopher"]
[Result "1-0"]
[WhiteElo "1587"]
[BlackElo "1011"]
[PlyCount "119"]
[EventDate "2018.??.??"]
[WhiteTeam "SK Nürnberg"]
[BlackTeam "SV Neustadt/Aisch"]

1. e4 c5 2. Nc3 Nc6 3. f4 g6 4. Nf3 Bg7 5. Bc4 e6 6. O-O Nge7 7. e5 O-O 8. d3
d6 9. exd6 Qxd6 10. Ne4 Qc7 11. Kh1 e5 12. Nxc5 exf4 13. Ng5 Be5 14. Nf3 Bd4
15. Nxd4 Nxd4 16. Ne4 Ne6 17. Qf3 b6 18. Bxf4 Nxf4 19. Qxf4 Qxf4 20. Rxf4 Bb7
21. Nd6 Bd5 22. Bxd5 Nxd5 23. Rf3 Rad8 24. Ne4 Nb4 25. Rf2 Rc8 26. Nc3 Rc5 27.
a3 Nc6 28. Raf1 f5 29. Re1 Re5 30. Rxe5 Nxe5 31. Re2 Nc6 32. Nb5 a6 33. Nc7 Nd4
34. Rf2 a5 35. c3 Nc6 36. d4 Rc8 37. Nd5 Re8 38. Nf6+ Kf7 39. Nxe8 Kxe8 40.
Re2+ Kd7 41. d5 Ne7 42. c4 Kd6 43. Re6+ Kd7 44. Rxb6 Kc7 45. Ra6 Kd7 46. Rxa5
Kd6 47. b4 f4 48. Ra6+ Kd7 49. Rf6 g5 50. a4 Kd8 51. a5 Nc8 52. b5 Kc7 53. c5
h5 54. Rf7+ Kb8 55. a6 h4 56. Rg7 h3 57. Rxg5 hxg2+ 58. Kxg2 Na7 59. Rg8+ Kc7
60. b6+ 1-0

[Event "Mittelfr. EM 2018 - Nebenturnier"]
[Site "Nürnberg"]
[Date "2018.03.29"]
[Round "4.12"]
[White "Walter, Gabriele"]
[Black "Merdian, Nick"]
[Result "0-1"]
[WhiteElo "1590"]
[BlackElo "1833"]
[PlyCount "54"]
[EventDate "2018.??.??"]
[WhiteTeam "SV Lauf"]
[BlackTeam "SC Postbauer-Heng"]

1. c4 c5 2. g3 d6 3. Bg2 Nc6 4. e3 Nf6 5. Nc3 g6 6. Nge2 Bg7 7. O-O O-O 8. b3
Bd7 9. Bb2 Qc7 10. Rb1 a6 11. d4 cxd4 12. exd4 Bf5 13. Rc1 Bh6 14. f4 e5 15.
dxe5 dxe5 16. Nd5 Nxd5 17. cxd5 Qb6+ 18. Kh1 Rad8 19. Qe1 Nb4 20. Qc3 Nd3 21.
Qc7 Qe3 22. Bxe5 Rc8 23. Qd6 Rxc1 24. Nxc1 Nf2+ 25. Kg1 Nh3+ 26. Kh1 Qg1+ 27.
Rxg1 Nf2# 0-1

[Event "Mittelfr. EM 2018 - Nebenturnier"]
[Site "Nürnberg"]
[Date "2018.03.29"]
[Round "4.13"]
[White "Dreiseitel, Ursula"]
[Black "Hamazaspyan, Seryozka"]
[Result "1/2-1/2"]
[WhiteElo "1461"]
[BlackElo "1245"]
[PlyCount "75"]
[EventDate "2018.??.??"]
[WhiteTeam "SGem Fürth"]
[BlackTeam "SC Noris-Tarrasch Nürnberg"]

1. d4 e6 2. Nf3 Nf6 3. Bf4 d5 4. Nbd2 c5 5. e3 Nc6 6. c3 Qb6 7. Qc2 Bd7 8. Be2
g6 9. O-O Bg7 10. Bd6 Nxd4 11. exd4 Qxd6 12. Ne5 O-O 13. Nxd7 Nxd7 14. Nf3 Rac8
15. Qd2 Rfe8 16. Rac1 e5 17. dxe5 Nxe5 18. Nxe5 Bxe5 19. f4 Bg7 20. Bf3 Rcd8
21. Rcd1 Re7 22. Qxd5 Qxd5 23. Rxd5 Rxd5 24. Bxd5 Re2 25. Rf2 Re1+ 26. Rf1 Re2
27. Rf2 Rxf2 28. Kxf2 b6 29. Ke3 Kf8 30. Kd3 a5 31. a4 h6 32. g4 g5 33. Ke4 Bf6
34. f5 Ke7 35. Kd3 Be5 36. h3 f6 37. b3 Kd6 38. c4 1/2-1/2

[Event "Mittelfr. EM 2018 - Nebenturnier"]
[Site "Nürnberg"]
[Date "2018.03.30"]
[Round "5.1"]
[White "Konsek, Peter"]
[Black "Greul, Hans"]
[Result "1-0"]
[WhiteElo "2063"]
[BlackElo "2066"]
[PlyCount "49"]
[EventDate "2018.??.??"]
[WhiteTeam "SW Nürnberg Süd"]
[BlackTeam "SK Schwabach"]

1. e4 e6 2. d4 d5 3. Nc3 Nf6 4. e5 Nfd7 5. f4 c5 6. Nf3 Nc6 7. Be3 cxd4 8. Nxd4
Bb4 9. Be2 O-O 10. O-O Bxc3 11. bxc3 Nxd4 12. Bxd4 b6 13. Bd3 g6 14. g4 Nc5 15.
Rf3 Qh4 16. Rg3 Kg7 17. Qf3 h6 18. Rh3 Qd8 19. f5 exf5 20. e6+ f6 21. gxf5 Rg8
22. Rg3 g5 23. h4 Nxd3 24. cxd3 Qc7 25. hxg5 1-0

[Event "Mittelfr. EM 2018 - Nebenturnier"]
[Site "Nürnberg"]
[Date "2018.03.30"]
[Round "5.2"]
[White "Rausch, Wolfgang sr"]
[Black "Llugiq, Bajram"]
[Result "1-0"]
[WhiteElo "1878"]
[BlackElo "1827"]
[PlyCount "91"]
[EventDate "2018.??.??"]
[WhiteTeam "SW Nürnberg Süd"]
[BlackTeam "SW Nürnberg Süd"]

1. c4 Nf6 2. Nf3 c5 3. b3 g6 4. Bb2 Bg7 5. g3 O-O 6. Bg2 Nc6 7. O-O d6 8. d4
cxd4 9. Nxd4 Nxd4 10. Bxd4 Qc7 11. e4 Bd7 12. Nc3 Rac8 13. Rc1 a6 14. Qd2 Bc6
15. Rfd1 Ne8 16. Nd5 Bxd5 17. cxd5 Qd7 18. Rxc8 Qxc8 19. Rc1 Qd7 20. Bb6 h5 21.
a4 e6 22. Rc4 Kh7 23. h4 Bf6 24. Bh3 Be7 25. Qc1 f5 26. dxe6 Qxe6 27. exf5 gxf5
28. Qd1 Kg6 29. Be3 d5 30. Rc3 Nf6 31. Rc7 Bd6 32. Rxb7 Bxg3 33. Rb6 Qe4 34.
Bg2 Qe7 35. b4 Bxh4 36. Bc5 Qc7 37. Rxa6 Re8 38. Bf3 Kg5 39. Qd2+ f4 40. Bd6
Qc4 41. Ra5 Kg6 42. Bxf4 Ne4 43. Qxd5 Qxd5 44. Rxd5 Ng5 45. Bxg5 Bxg5 46. Bxh5+
1-0

[Event "Mittelfr. EM 2018 - Nebenturnier"]
[Site "Nürnberg"]
[Date "2018.03.30"]
[Round "5.3"]
[White "Wirth, Karl-Heinz"]
[Black "Weißmann, Peter"]
[Result "1-0"]
[WhiteElo "1861"]
[BlackElo "1734"]
[PlyCount "63"]
[EventDate "2018.??.??"]
[WhiteTeam "SC Mühlhof-Reichelsdorf"]
[BlackTeam "SK Zirndorf"]

1. e4 c5 2. b4 cxb4 3. a3 e6 4. axb4 Bxb4 5. c3 Be7 6. d4 d5 7. e5 Bd7 8. Bd3
b5 9. Na3 b4 10. cxb4 Bxb4+ 11. Bd2 Bxd2+ 12. Qxd2 f5 13. Nf3 h6 14. O-O g5 15.
Rfc1 Ne7 16. Nb5 Bxb5 17. Bxb5+ Kf7 18. Ra3 g4 19. Ne1 Nd7 20. h3 Rb8 21. Bxd7
Qxd7 22. hxg4 Rbg8 23. gxf5 Nxf5 24. Rca1 Ra8 25. Nd3 Qb5 26. Rxa7+ Rxa7 27.
Rxa7+ Kg6 28. Nf4+ Kg5 29. Nxe6+ Kh5 30. Nf4+ Kg4 31. Nh3 Qb1+ 32. Kh2 1-0

[Event "Mittelfr. EM 2018 - Nebenturnier"]
[Site "Nürnberg"]
[Date "2018.03.30"]
[Round "5.4"]
[White "Schöne, Steffen"]
[Black "Diebel, Günter"]
[Result "0-1"]
[WhiteElo "1860"]
[BlackElo "1778"]
[PlyCount "118"]
[EventDate "2018.??.??"]
[WhiteTeam "Zabo-Eintracht Nürnberg"]
[BlackTeam "SW Nürnberg Süd"]

1. d4 d5 2. c4 Bf5 3. cxd5 Bxb1 4. Rxb1 Qxd5 5. Qa4+ Nc6 6. e3 e5 7. Bd2 exd4
8. Nf3 dxe3 9. fxe3 Bd6 10. Bc4 Qh5 11. Qb3 Nge7 12. O-O O-O 13. Rbe1 a6 14.
Bc3 b5 15. Be2 Qd5 16. Qc2 Bc5 17. Bd3 g6 18. Be4 Qe6 19. Nd4 Bxd4 20. exd4 Qd6
21. Qf2 Rad8 22. d5 Nxd5 23. Bxd5 Qxd5 24. Qf6 Nd4 25. Re5 Qd6 26. Bxd4 Qxd4+
27. Kh1 Rd6 28. Qe7 Rd7 29. Qf6 Qd6 30. Qf4 f6 31. Re4 Qxf4 32. Rexf4 Rd2 33.
R4f2 Rxf2 34. Rxf2 Kg7 35. g3 Rd8 36. Rc2 Rc8 37. Rc6 a5 38. Kg2 f5 39. Kf3 Kh6
40. h4 a4 41. Kf4 Rd8 42. Rxc7 Rd2 43. b3 Rxa2 44. bxa4 bxa4 45. Ra7 a3 46. Ra5
Ra1 47. Kf3 a2 48. Kg2 Kh5 49. Ra4 h6 50. Kh2 g5 51. hxg5 hxg5 52. Kg2 f4 53.
gxf4 gxf4 54. Kh2 f3 55. Rh4+ Kg5 56. Rg4+ Kf5 57. Ra4 f2 58. Ra5+ Ke4 59. Ra8
f1=Q 0-1

[Event "Mittelfr. EM 2018 - Nebenturnier"]
[Site "Nürnberg"]
[Date "2018.03.30"]
[Round "5.5"]
[White "Schlötterer, Hermann"]
[Black "Hofmann, Tim"]
[Result "1-0"]
[WhiteElo "1792"]
[BlackElo "1411"]
[PlyCount "69"]
[EventDate "2018.??.??"]
[WhiteTeam "Zabo-Eintracht Nürnberg"]
[BlackTeam "SW Nürnberg Süd"]

1. d4 Nf6 2. g3 d5 3. Bg2 e6 4. c4 Bb4+ 5. Bd2 Be7 6. Nc3 O-O 7. Nf3 c5 8. cxd5
exd5 9. O-O Ne4 10. Bf4 Nc6 11. Rc1 c4 12. Ne1 Bf5 13. Nxe4 Bxe4 14. Bxe4 dxe4
15. Rxc4 Qd5 16. b3 b5 17. Rc2 Qxd4 18. Rd2 Qb6 19. Nc2 Rad8 20. Be3 Rxd2 21.
Qxd2 Rd8 22. Qc3 Qb7 23. Nd4 Ne5 24. Rc1 Bf6 25. Qc5 Qd7 26. Kg2 a6 27. Qb6 Ng4
28. Nc6 Nxe3+ 29. Qxe3 Re8 30. Rc2 Re6 31. Qb6 a5 32. Qxb5 h5 33. h4 Re5 34.
Rc5 Re6 35. Nxa5 1-0

[Event "Mittelfr. EM 2018 - Nebenturnier"]
[Site "Nürnberg"]
[Date "2018.03.30"]
[Round "5.6"]
[White "Münzenberg, Dietrich"]
[Black "Süß, Helmut"]
[Result "0-1"]
[WhiteElo "1679"]
[BlackElo "1889"]
[PlyCount "72"]
[EventDate "2018.??.??"]
[WhiteTeam "Zabo-Eintracht Nürnberg"]
[BlackTeam "SC Noris-Tarrasch Nürnberg"]

1. d4 Nf6 2. Bg5 e6 3. c4 Bb4+ 4. Nc3 h6 5. Bh4 b6 6. f3 Bxc3+ 7. bxc3 d6 8. e4
Bb7 9. e5 dxe5 10. dxe5 Qxd1+ 11. Rxd1 Nfd7 12. Ne2 Na6 13. f4 Nac5 14. Nd4 a6
15. Bd3 Nxd3+ 16. Rxd3 g6 17. O-O Nc5 18. Re3 Rg8 19. Rb1 g5 20. fxg5 hxg5 21.
Bg3 O-O-O 22. Rf1 Rg7 23. Rfe1 Rd7 24. Nb3 Nd3 25. Nd4 Nxe1 26. Bxe1 c5 27. Nb3
Rd1 28. Kf2 Rd8 29. Nc1 Rh8 30. Kg1 a5 31. Ne2 Rgh7 32. Bg3 Rd8 33. Be1 Rd1 34.
Kf2 Rxh2 35. Rg3 Rxg2+ 36. Rxg2 Bxg2 0-1